| 000 | 00859nam a2200277Ia 4500 | ||
|---|---|---|---|
| 001 | Z_5924 | ||
| 003 | CHAP | ||
| 005 | 20221010120947.0 | ||
| 008 | 220113s9999 xx 000 0 und d | ||
| 010 | _a169132 | ||
| 040 | _cCHAP | ||
| 090 | _aTesis M 2178 | ||
| 100 |
_aMaldonado Barrera,Anay. _970079 |
||
| 245 |
_aEvaluación de modelos no lineales para el ajuste de las curvas de crecimiento de corderos / _cpor Anay Maldonado Barrera. |
||
| 260 |
_aChapingo,Méx. : _bEl autor.2010., _c |
||
| 300 | _a63 h. | ||
| 502 | _aTesis(Ing. Agr. Esp. en Zootecnia).--UACH.Departamento de Zootecnia. | ||
| 650 |
_aCurvas de Crecimiento _9143477 |
||
| 650 |
_aGanado Ovino _xcarne _9143478 |
||
| 650 |
_aModelos no lineales _9143479 |
||
| 901 | _aTESIS M 2178 | ||
| 902 | _aA | ||
| 910 | _a | ||
| 942 |
_cTESIS _2local |
||
| 942 |
_cTESIS _2local |
||
| 999 |
_c169132 _d169132 |
||